Classifica Marcatori Bari All-Time - Statistics

Statistiche generali
  • Questo quiz è stato fatto 27 volte
  • Il punteggio medio è 3 su 10
Statistiche sulle risposte
Gol Nazione Calciatore % Corretto
51 Italia Igor Protti
73%
63 Italia Mirco Antenucci
68%
43 Brasile Barreto
45%
49 Italia Francesco Caputo
32%
40 Italia Sandro Tovalieri
32%
58 Italia Gionatha Spinesi
18%
52 Italia Biagio Catalano
9%
47 Italia Cristian Galano
9%
41 Italia
Vincenzo Santoruvo
5%
43 Italia Paolo Erba
0%
Nessun quiz corrispondente trovato
Distribuzione punteggi
Percentuale di utenti per punteggio
Percentile per numero di risposta
I tuoi punteggi nel tempo
Non hai fatto questo quiz